00463 2200169 4500001002100000008004100021035002000062245006200082100002100144250000600165260006200171300001200233084001400245082000800259650001400267990001200281INLIS000000000000602 ind  a0010-0424000578 aBuku Panduan Praktikum Olimpiade BiologicAngga Dwiartama aDwiartama, Angga a1 aBandung :bTOBI ( Tim Olimpiade Biologi Indonesia )c2011 a129 hlm a574 ANG b a574 aNon Fiksi a0722404